Prínosy implementácie systému manažérstva kvality v praxi

Implementácia a následná certifikácia systému manažérstva kvality so sebou prináša množstvo výhod, z ktorých organizácie môžu profitovať. Nie v každej organizácii sa však prejavia uvedené výhody a prínosy v rovnakej miere.

Salvato in:
Dettagli Bibliografici
Autore principale: Krnáčová, Paulína, 1983-
Natura: Capitolo di libro
Lingua:slovacco
Soggetti:
Tags: Aggiungi Tag
Nessun Tag, puoi essere il primo ad aggiungerne!!

MARC

LEADER 00000naa$a2200000$$$4500
001 0103741
005 20240523124136.7
041 0 |a slo 
044 |a SK 
245 1 0 |a Prínosy implementácie systému manažérstva kvality v praxi  |c Paulína Krnáčová 
520 |a Implementácia a následná certifikácia systému manažérstva kvality so sebou prináša množstvo výhod, z ktorých organizácie môžu profitovať. Nie v každej organizácii sa však prejavia uvedené výhody a prínosy v rovnakej miere. 
610 2 0 |a podnik 
610 2 0 |a systém riadenia kvality 
610 2 0 |a certifikácia 
100 1 |a Krnáčová, Paulína, 1983-